Shigley's mechanical engineering design (Record no. 2466)

MARC details
000 -LEADER
fixed length control field 00431nam a22001697a 4500
005 - DATE AND TIME OF LATEST TRANSACTION
control field 20160613100635.0
008 - FIXED-LENGTH DATA ELEMENTS--GENERAL INFORMATION
fixed length control field 160613b xxu||||| |||| 00| 0 eng d
020 ## - INTERNATIONAL STANDARD BOOK NUMBER
ISBN 978-0-07107783-5
041 ## - LANGUAGE CODE
Language code of text/sound track or separate title eng
082 ## - DEWEY DECIMAL CLASSIFICATION NUMBER
Item number 7093
100 ## - MAIN ENTRY--AUTHOR NAME
Personal name Budynas R.G & Nisbett, J.K.
245 ## - TITLE STATEMENT
Title Shigley's mechanical engineering design
260 ## - PUBLICATION, DISTRIBUTION, ETC. (IMPRINT)
Name of publisher Mc Graw Hill
Year of publication 2008
300 ## - PHYSICAL DESCRIPTION
Number of Pages 1088
650 ## - SUBJECT ADDED ENTRY--TOPICAL TERM
Topical Term DIPLOMA ENGINEERING
942 ## - ADDED ENTRY ELEMENTS (KOHA)
Koha item type Books
Holdings
Lost status Damaged status Collection code Home library Current library Shelving location Date acquired Cost, normal purchase price Full call number Accession Number Koha item type
    Reference JRU Library   SHELF -72 - I 13/06/2016 750.00 7093 7093 Books
      JRU Library     13/06/2016 750.00 7093 7094 Books
      JRU Library   SHELF-47-J 13/06/2016 750.00 7093 7095 Books
      JRU Library   SHELF-47-J 13/06/2016 750.00 7093 7096 Books
      JRU Library     13/06/2016 750.00 7093 7097 Books